| Tag |
First Indicator |
Second Indicator |
Subfields |
| LEADER |
00000cam a2200000 a 4500 |
| 001 |
in00000081685 |
| 005 |
20151008054123.0 |
| 008 |
790919s1975 mx b s00010 spam |
| 010 |
|
|
|a 79111266
|
| 035 |
|
|
|a (OCoLC)04963333
|
| 035 |
|
|
|9 AAH9698AM
|
| 040 |
|
|
|a DLC
|c DLC
|d TXA
|d UtOrBLW
|
| 043 |
|
|
|a n-mx---
|
| 049 |
|
|
|a TXAM
|d [
|v =t.]
|v 1 [1501966]
|v 2 [1501967]
|
| 050 |
0 |
0 |
|a LAW
|
| 082 |
0 |
|
|a 345/.725
|
| 090 |
|
|
|a KGF5419
|b .C65 1975
|
| 099 |
|
|
|a KGC
|a C696
|
| 100 |
1 |
|
|a Colín Sánchez, Guillermo.
|
| 245 |
1 |
0 |
|a Legislacion penal del Estado de Mexico /
|c Guillermo Colin Sanchez.
|
| 264 |
|
1 |
|a Mexico :
|b Biblioteca Enciclopedica del Estado de Mexico,
|c 1975.
|
| 300 |
|
|
|a 2 volumes (xix, 838 pages) ;
|c 24 cm.
|
| 336 |
|
|
|a text
|b txt
|2 rdacontent
|
| 337 |
|
|
|a unmediated
|b n
|2 rdamedia
|
| 338 |
|
|
|a volume
|b nc
|2 rdacarrier
|
| 490 |
1 |
|
|a Biblioteca enciclopedica del Estado de Mexico ;
|v 39-40
|
| 504 |
|
|
|a Bibliography: pages 831-838.
|
| 650 |
|
0 |
|a Criminal law
|z Mexico
|z Mexico (State)
|
| 830 |
|
0 |
|a Biblioteca enciclopédica del Estado de México ;
|v 39-40.
|
| 999 |
|
|
|a MARS
|
| 999 |
f |
f |
|s a8c4f7a4-4e08-3637-b68c-47bc8f78c891
|i a9fd5caf-2bc9-3cb8-890a-c1eace5a854d
|t 0
|
| 952 |
f |
f |
|p ric
|a Texas A&M University
|b Rellis Campus
|c Joint Library Facility
|d Remote Storage
|t 0
|e KGF5419 .C65 1975
|h Library of Congress classification
|i unmediated -- volume
|k t.1
|m A14806074402
|
| 952 |
f |
f |
|p ric
|a Texas A&M University
|b Rellis Campus
|c Joint Library Facility
|d Remote Storage
|t 0
|e KGF5419 .C65 1975
|h Library of Congress classification
|i unmediated -- volume
|k t.2
|m A14806074410
|
| 998 |
f |
f |
|a KGF5419 .C65 1975
|s t.1-2
|t 0
|l Remote Storage
|